Дело об определении на службу в немецкую труппу актера Алберлинга и об увольнении его от службы

Доступно только в Электронных читальных залах Найти на картеНа карте
RUSMARC
00003622nmc2a22000003x 450
0013b32bd1e-89ed-4b4b-91c6-47aa9a5c5f14
00520181128163745.0
100##$a20170110l18251829k l0rusy0189 ca
1010#$arus
102##$aRU
2001#$aДело об определении на службу в немецкую труппу актера Алберлинга и об увольнении его от службы
$j30 мая 1825 г. - 15 ноября 1829 г.
251##$cДело
300##$aДело
801#0$aRU
$bРГИА
$c20170110
$gRCR
801#1$aRU
$bГлавНИВЦ
$c20170110
$2rusmarc
801#2$aRU
$bПБ им. Б.Н. Ельцина
$c20181128
$gRCR
$2rusmarc
850##$aРГИА
852##$aРГИА
$eФедеральное казенное учреждение "Российский государственный исторический архив" (РГИА)
$j2704
937##$hРГИА
$d12236079
$aASBIBLIO_SCAN
462#0$1001dd3991dc-24e1-42ec-8838-ca4255420416
$12001
$a1746-1850 гг.
$1251
$cОпись
$1852
$j1
461#0$10019264ebf8-de62-4f1a-9eb4-9f22098dbbd5
$12001
$aДирекция императорских театров МИДв
$1251
$cФонд
$1852
$j497
215##$a66 л.
$d36,5х26 см
371##$aДокумент не является опубликованным и широко распространяемым
105##$ay###
1222#$ad
035##$a3b32bd1e-89ed-4b4b-91c6-47aa9a5c5f14
856##$uhttp://readingroom.main.prlib.ru/item.aspx?id_node=n121088280&mode=full
Формат отображения